<?xml version="1.0" encoding="UTF-8"?>
<record
    xmlns:xsi="http://www.w3.org/2001/XMLSchema-instance"
    xsi:schemaLocation="http://www.loc.gov/MARC21/slim http://www.loc.gov/standards/marcxml/schema/MARC21slim.xsd"
    xmlns="http://www.loc.gov/MARC21/slim">

  <leader>00825nam a2200253 ar4500</leader>
  <controlfield tag="001">4948</controlfield>
  <controlfield tag="005">20221127091051.0</controlfield>
  <controlfield tag="006">a  a        000 0 </controlfield>
  <controlfield tag="008">190320         su a     |    000 0|eng d</controlfield>
  <datafield tag="090" ind1=" " ind2=" ">
    <subfield code="a">SP-P</subfield>
  </datafield>
  <datafield tag="100" ind1="1" ind2=" ">
    <subfield code="a">Al Khelaiwi, Ranwa.</subfield>
  </datafield>
  <datafield tag="245" ind1="1" ind2="0">
    <subfield code="a">Profitability of companies converting from private to public :</subfield>
    <subfield code="b">case in Saudi Arabia /</subfield>
    <subfield code="c">by Ranwa Alkelaiwi, Abeer AleoqIHI, Faten Alsaud.</subfield>
  </datafield>
  <datafield tag="260" ind1=" " ind2=" ">
    <subfield code="c">2016.</subfield>
  </datafield>
  <datafield tag="300" ind1=" " ind2=" ">
    <subfield code="a">69 leaves :</subfield>
    <subfield code="b">color illustrations ;</subfield>
    <subfield code="c">30 cm.</subfield>
  </datafield>
  <datafield tag="500" ind1=" " ind2=" ">
    <subfield code="a">Supervisor: Nada Elali.</subfield>
  </datafield>
  <datafield tag="504" ind1=" " ind2=" ">
    <subfield code="a">Includes bibl. references.</subfield>
  </datafield>
  <datafield tag="526" ind1="0" ind2=" ">
    <subfield code="a">Student project.</subfield>
  </datafield>
  <datafield tag="563" ind1=" " ind2=" ">
    <subfield code="a">Hard bound.</subfield>
  </datafield>
  <datafield tag="650" ind1=" " ind2="4">
    <subfield code="a">Business planning</subfield>
    <subfield code="v">Case studies.</subfield>
  </datafield>
  <datafield tag="650" ind1=" " ind2="4">
    <subfield code="a">Corporations</subfield>
    <subfield code="x">Finance</subfield>
  </datafield>
  <datafield tag="650" ind1=" " ind2="4">
    <subfield code="a">Business enterprises</subfield>
    <subfield code="z">Saudi Arabia.</subfield>
  </datafield>
  <datafield tag="700" ind1="0" ind2=" ">
    <subfield code="a">Al Rowaihi, Abeer.</subfield>
  </datafield>
  <datafield tag="700" ind1="0" ind2=" ">
    <subfield code="a">Al Saud, Faten.</subfield>
  </datafield>
  <datafield tag="999" ind1=" " ind2=" ">
    <subfield code="c">4946</subfield>
    <subfield code="d">4946</subfield>
  </datafield>
</record>
